00417nam a2200121Ia 4500008004100000020001800041084002300059100002500082245007000107260002800177300002300205650006700228220326s9999||||xx |||||||||||||| ||und|| a979-22-0592-6 a10052 KUS Gov Bo.1 aTridoyo Kusumastanto 0aOcean Policy, Dalam membangun negeri bahari di era otonomi daerah aJakartabGramediac2003 axiii + 160 halaman aGovernment (Pemerintahan)eG-O-VyOcean policy, Otonomi Daerah